Marvel Cinematic Universe / Univers Cinématographique Marvel - Statistiques

Statistiques générales
  • Ce quiz a été pris 499 fois
  • Le résultat moyen est 23 sur 34
Statistiques - réponses
Année Film % Correct
2008 Iron Man
99%
2010 Iron Man 2
95%
2012 Avengers
94%
2013 Iron Man 3
94%
2008 L'Incroyable Hulk
93%
2011 Thor
93%
2019 Avengers : Endgame
88%
2018 Avengers : Infinity War
84%
2015 Avengers : L'Ere d'Ultron
82%
2016 Captain America : Civil War
81%
2015 Ant-Man
80%
2017 Thor : Ragnarok
79%
2018 Black Panther
77%
2021 Black Widow
77%
2014 Les Gardiens de la Galaxie
76%
2016 Doctor Strange
75%
2017 Spider-Man : Homecoming
75%
2014 Captain America : Le Soldat de l'Hiver
73%
2018 Ant-Man et la Guêpe
72%
2011 Captain America : First Avenger
72%
2019 Spider-Man : Far From Home
70%
2019 Captain Marvel
69%
2017 Les Gardiens de la Galaxie Vol.2
68%
2013 Thor : Le Monde des Ténèbres
68%
2021 Spider-Man : No Way Home
67%
2021 Les Eternels
53%
2021 WandaVision
51%
2021 Loki
50%
2021 Shang-Chi et la Légende des Dix Anneaux
42%
2021 Hawkeye
39%
2021 Falcon et le Soldat de l'Hiver
33%
2022 Moon Knight
27%
2021 What If
26%
Année Série
5%
Aucun quiz correspondant
Distribution des résultats
% des personnes avec chaque résultat
Percentile par nombre de réponses
Votre historique - résultats
Vous n’avez pas pris ce quiz